Estudios económicos y fiscales / (Registro nro. 5865)

Detalles MARC
000 -LEADER
fixed length control field 01037nam a2200253Ia 4500
003 - CONTROL NUMBER IDENTIFIER
control field OSt
005 - DATE AND TIME OF LATEST TRANSACTION
control field 20200714124535.0
008 - FIXED-LENGTH DATA ELEMENTS--GENERAL INFORMATION
fixed length control field 191128s1978 ck 000 0 spa d
040 ## - CATALOGING SOURCE
Original cataloging agency CO-JMCR
Transcribing agency CO-JMCR
041 0# - LANGUAGE CODE
Language code of text/sound track or separate title spa
082 04 - DEWEY DECIMAL CLASSIFICATION NUMBER
Classification number 330.986 /
Item number G158e
Edition number 23
100 1# - MAIN ENTRY--PERSONAL NAME
Personal name Galindo, Anibal,
Relator term autor
9 (RLIN) 7194
245 10 - TITLE STATEMENT
Title Estudios económicos y fiscales /
Statement of responsibility, etc. por Anibal Galindo
260 ## - PUBLICATION, DISTRIBUTION, ETC.
Place of publication, distribution, etc. Bogotá :
Name of publisher, distributor, etc. Ediciones sol y luna,
Date of publication, distribution, etc. 1978.
300 ## - PHYSICAL DESCRIPTION
Extent xviii, 287 páginas ;
Dimensions 23 cm.
490 0# - SERIES STATEMENT
Series statement Biblioteca Popular de Economía. Anif-Colcultura ;
Volume/sequential designation 1
505 0# - FORMATTED CONTENTS NOTE
Formatted contents note Teoría de los bancos – El papel moneda -- Los ferrocarriles colombianos -- Apuntamientos para la historia económica y fiscal del país -- Limitaciones de dominio -- La propiedad raíz -- El socialismo -- Historia de la deuda extranjera
650 14 - SUBJECT ADDED ENTRY--TOPICAL TERM
Topical term or geographic name entry element Historia económica
Geographic subdivision Colombia
9 (RLIN) 6882
650 24 - SUBJECT ADDED ENTRY--TOPICAL TERM
Topical term or geographic name entry element Política fiscal
9 (RLIN) 7195
650 24 - SUBJECT ADDED ENTRY--TOPICAL TERM
Topical term or geographic name entry element Economístas colombianos
9 (RLIN) 4710
650 24 - SUBJECT ADDED ENTRY--TOPICAL TERM
Topical term or geographic name entry element Economía colombiana
9 (RLIN) 7196
650 24 - SUBJECT ADDED ENTRY--TOPICAL TERM
Topical term or geographic name entry element Deuda externa
9 (RLIN) 6752
942 ## - ADDED ENTRY ELEMENTS (KOHA)
Source of classification or shelving scheme Dewey Decimal Classification
Koha item type Books
Existencias
Withdrawn status Lost status Source of classification or shelving scheme Materials specified (bound volume or other part) Damaged status Not for loan Home library Current library Shelving location Date acquired Source of acquisition Full call number Barcode Date last seen Copy number Price effective from Koha item type
    Dewey Decimal Classification Donación--15/04/2018--     Biblioteca Pública José María del Castillo y Rada Biblioteca Pública José María del Castillo y Rada General Stacks 11/28/2019 Donación 330.986 / G158e 201811669 05/16/2024 Ej.1 11/28/2019 Books